00715nam a2200241 a 4500001001300000003000900013005001700022008004100039020002300080082001900103100002400122245003000146260004000176300000900216500003500225505001000260650001500270700002400285902000800309942000700317952013200324999001700456nice12345678IN_TiNIC20260116014754.0090325s2008 dela grp 000 0 eng  a8183150888 c50000a294.59218bCHA aChattopadhyaya, B K aTeaching of the Upanisads aDelhi bOriental Book Centre c2008 a259p aincludes index and biblioraphy2 aindex aUpanishads1 aChattopadhyaya, B K bSRS cBK 001040708StackRoom-aHMIbHMId2009-03-25g500.00l5o294.59218 CHAp022727r2019-08-13s2019-08-08v500.00w2009-03-25yBK c16886d16886